| 000 | 00527nam a2200205Ia 4500 | ||
|---|---|---|---|
| 003 | GCL | ||
| 008 | 140319s9999 xx 000 0 eng d | ||
| 040 |
_aGCL / _cGCL |
||
| 082 | 0 | 4 |
_a50 _bD A |
| 100 | 1 | _aBESLER, CAROLM | |
| 245 | 1 | 0 |
_aASTRONOMY / _cBESLER, CAROLM |
| 700 | 1 | _aENGELBY, ERIC | |
| 700 | 1 | _aDUCHAM, JANE | |
| 260 |
_a[S.N] : _bWM. C. BROWN PUBLISHERS ، _c1994 |
||
| 300 | _a448P | ||
| 650 | 0 | 4 | _aASTRONOMY, SPHERICALAND PRACTL |
| 650 | 0 | 4 | _aASTROMETRY |
| 650 | 0 | 4 | _aPOSITIONAL ASLONOMSY |
| 942 |
_2ddc _cBK |
||
| 999 |
_c11087 _d11087 |
||